LES 10 PAYS LES PLUS SÛRS POUR VOYAGER. - Statistiques

Statistiques générales
  • Ce quiz a été pris 398 fois
  • Le résultat moyen est 6 sur 10
Statistiques - réponses
RANG PAYS % Correct
3 NORVEGE
76%
10 JAPON
75%
1 SUISSE
75%
9 FINLANDE
72%
7 DANEMARK
63%
6 ISLANDE
61%
4 LUXEMBOURG
46%
8 PORTUGAL
40%
2 SINGAPOUR
33%
5 CHYPRE
12%
Aucun quiz correspondant
Distribution des résultats
% des personnes avec chaque résultat
Percentile par nombre de réponses
Votre historique - résultats
Vous n’avez pas pris ce quiz